চাঁপাইনবাবগঞ্জ জেলার টেকসই পল্লী উন্নয়ন / (Record no. 78310)
[ view plain ]
| 000 -LEADER | |
|---|---|
| fixed length control field | 01934nam a2200301 a 4500 |
| 001 - CONTROL NUMBER | |
| control field | 78310 |
| 003 - CONTROL NUMBER IDENTIFIER | |
| rucl marc code | BD-RjUL |
| 005 - DATE AND TIME OF LATEST TRANSACTION | |
| control field | 20211209083121.0 |
| 008 - FIXED-LENGTH DATA ELEMENTS--GENERAL INFORMATION | |
| fixed length control field | 210907s1999 bg a|||| m||| 00| 0 ben d |
| 035 ## - SYSTEM CONTROL NUMBER | |
| System control number | (BD-RjUL)78536 |
| 040 ## - CATALOGING SOURCE | |
| Original cataloging agency | BD-RjUL |
| Language of cataloging | ben / eng |
| Transcribing agency | BD-RjUL |
| Modifying agency | BD-RjUL |
| 041 ## - LANGUAGE CODE | |
| Language code of text/sound track or separate title | ben |
| 082 ## - DEWEY DECIMAL CLASSIFICATION NUMBER | |
| Classification number | 330.954924 |
| Author mark and year | RAC 1999 |
| Edition number | 23 |
| 100 ## - MAIN ENTRY--PERSONAL NAME | |
| Personal name | রহমান, মো. হাফিজুর |
| 9 (RLIN) | 247485 |
| 245 10 - TITLE STATEMENT | |
| Title | চাঁপাইনবাবগঞ্জ জেলার টেকসই পল্লী উন্নয়ন / |
| Statement of responsibility, etc. | মো. হাফিজুর রহমান ; |
| Linkage | তত্ত্বাবধায়ক : মো. আবু হানিফ শেখ |
| 246 ## - VARYING FORM OF TITLE | |
| Title proper/short title | Sustainable Rural Development of Chapai Nawabganj District |
| 260 ## - PUBLICATION, DISTRIBUTION, ETC. (IMPRINT) | |
| Place of publication, distribution, etc. | রাজশাহী : |
| Name of publisher, distributor, etc. | ভূগোল ও পরিবেশবিদ্যা বিভাগ, রাজশাহী বিশ্ববিদ্যালয়, |
| Date of publication, distribution, etc. | ১৯৯৯ |
| 300 ## - PHYSICAL DESCRIPTION | |
| Pagination | xiv, ১৬২ পাতা : |
| Illustrations | চিএ ; |
| Size | ২৯ সেমি. |
| 502 ## - DISSERTATION NOTE | |
| Dissertation note | থিসিস (এম. ফিল.) -- ভূগোল ও পরিবেশবিদ্যা বিভাগ,রাজশাহী বিশ্ববিদ্যালয়, ১৯৯৯ |
| 504 ## - BIBLIOGRAPHY, ETC. NOTE | |
| Bibliography, etc | গ্রন্থপঞ্জি : পাতা ১৫৭-১৬১ |
| 600 ## - SUBJECT ADDED ENTRY--PERSONAL NAME | |
| Titles and other words associated with a name | |
| 650 ## - SUBJECT ADDED ENTRY--TOPICAL TERM | |
| Topical term or geographic name as entry element | গ্রামীণ উন্নয়ন |
| General subdivision | বাংলাদেশ |
| Geographic subdivision | চাঁপাই নবাবগঞ্জ জেলা |
| 9 (RLIN) | 247486 |
| Topical term or geographic name as entry element | Rural development |
| General subdivision | Bangladesh |
| Geographic subdivision | Chapai Nawabganj District |
| 9 (RLIN) | 247487 |
| Topical term or geographic name as entry element | টেকসই উন্নয়ন |
| General subdivision | বাংলাদেশ |
| Geographic subdivision | চাঁপাই নবাবগঞ্জ জেলা |
| 9 (RLIN) | 247668 |
| Topical term or geographic name as entry element | Sustainable development |
| General subdivision | Bangladesh. |
| Geographic subdivision | Chapai Nawabganj District |
| 9 (RLIN) | 247669 |
| 700 ## - ADDED ENTRY--PERSONAL NAME | |
| Personal name | শেখ, মো. আবু হানিফ, তত্ত্বাবধায়ক |
| 942 ## - ADDED ENTRY ELEMENTS (KOHA) | |
| Source of classification or shelving scheme | Dewey Decimal Classification |
| Koha item type | Theses |
| Lost status | Source of classification or shelving scheme | Damaged status | Not for loan | Collection code | Permanent Location | Current Location | Shelving location | Date acquired | Source of acquisition | Total Checkouts | Full call number | Date last seen | Copy number | Koha item type |
|---|---|---|---|---|---|---|---|---|---|---|---|---|---|---|
| Dewey Decimal Classification | Not For Loan | Theses | Central Library, University of Rajshahi | Central Library, University of Rajshahi | Documentation Section | 19/11/2007 | Controller of Exam., R.U | BTHE 330.954924 RAC 1999 | 07/09/2021 | C-1 | Theses |